Catálogo
Digital

Catálogo
Digital

Derecho tributario municipal ecuatoriano fundamentos y practica (Record no. 14256)

MARC details
000 -CABECERA
campo de control de longitud fija 03403nam a2200301 4500
003 - IDENTIFICADOR DEL NÚMERO DE CONTROL
campo de control EC-UNACH
005 - FECHA Y HORA DE LA ÚLTIMA TRANSACCIÓN
campo de control 20251205112517.0
006 - CÓDIGOS DE INFORMACIÓN DE LONGITUD FIJA--CARACTERÍSTICAS DEL MATERIAL ADICIONAL
campo de control de longitud fija s||||gr|||| 00| 00
008 - DATOS DE LONGITUD FIJA--INFORMACIÓN GENERAL
campo de control de longitud fija 150116t9999 mx r gr 000 0 spa d
020 ## - NÚMERO INTERNACIONAL ESTÁNDAR DEL LIBRO
Número Internacional Estándar del Libro 978-9978-84-708-4
040 ## - FUENTE DE LA CATALOGACIÓN
Centro catalogador/agencia de origen EC-UNACH
Centro/agencia transcriptor EC-UNACH
041 ## - CÓDIGO DE LENGUA
Código de lengua del texto/banda sonora o título independiente spa
082 04 - NÚMERO DE LA CLASIFICACIÓN DECIMAL DEWEY
Número de edición 23
Número de clasificación 343.04
Número de documento/Ítem L018430
110 ## - ENTRADA PRINCIPAL--NOMBRE DE ENTIDAD CORPORATIVA
Nombre de entidad corporativa o nombre de jurisdicción como elemento de entrada Editora nacional
245 ## - MENCIÓN DE TÍTULO
Título Derecho tributario municipal ecuatoriano fundamentos y practica
250 ## - MENCIÓN DE EDICIÓN
Mención de edición Primera edición
264 ## - Producción, publicación, distribución, fabricación y copyright
Lugar de producción, publicación, distribución, fabricación Ecuador
Nombre del de productor, editor, distribuidor, fabricante Editora nacional
Fecha de de producción, publicación, distribución, fabricación o copyright 2014
300 ## - DESCRIPCIÓN FÍSICA
Extensión 225
505 ## - NOTA DE CONTENIDO CON FORMATO
Nota de contenido con formato 1. Cuestiones preliminares<br/>Autonomía municipal<br/>Derecho tributario municipal<br/><br/>2. Poder tributario municipal y metropolitano<br/>Autoridad financiera municipal<br/>Potestad tributaria municipal<br/>Facultades de la administración tributaria municipal y metropolitana<br/><br/>3. Régimen tributario municipal y metropolitano<br/>La Constitución de 1998 y la Ley Orgánica de Régimen Municipal<br/>La Constitución de 2008 y el Código Orgánico de Organización Territorial, Autonomía y Descentralización<br/>Capacidad normativa de los municipios en materia tributaria en las Constituciones de 1998 y 2008<br/>Facultad normativa en materia tributaria de los gobiernos autónomos descentralizados<br/>Fuentes de la obligación tributaria municipal y metropolitana<br/>La participación ciudadana y el mecanismo de la silla vacía en los gobiernos autónomos descentralizados municipales y metropolitanos<br/><br/>4. El catastro predial municipal y metropolitano<br/>Origen y noción general del catastro<br/>El catastro municipal y metropolitano en el Ecuador<br/>Carácter multifinalitario del catastro<br/>Identificación del predio: la clave catastral<br/>El catastro de la declaratoria de propiedad horizontal<br/>Ordenanzas municipales en materia de catastros<br/>Aspectos especiales sobre el catastro municipal de bienes inmuebles en el Ecuador<br/><br/>5. Impuestos municipales y metropolitanos<br/>Impuesto predial urbano<br/>Impuesto por solar no edificado<br/>Impuesto adicional sobre inmuebles no edificados en zonas de promoción inmediata<br/>Impuesto predial rural<br/>Impuesto de alcabala<br/>Impuesto a las utilidades en la transferencia de predios urbanos y plusvalía de los mismos<br/>Impuesto a los espectáculos públicos<br/>Impuesto de patente<br/>Impuesto del 1,5 por mil sobre los activos totales<br/>Impuesto a los vehículos<br/>Impuesto al juego<br/><br/>6. Tasas y contribuciones especiales de mejoras<br/>Tasas municipales y metropolitanas<br/>Contribuciones especiales y contribuciones especiales de mejoras<br/><br/>7. Perspectivas del régimen tributario municipal y metropolitano<br/>Racionalización y optimización del sistema tributario municipal<br/>Compatibilización de las normas del régimen tributario municipal ecuatoriano con la Constitución y el Código Orgánico Tributario<br/>Simplificación de la gestión tributaria local<br/>Actualización de varias reglas del Régimen Tributario Municipal ecuatoriano para lograr seguridad jurídica<br/>Incorporación de normas jurídicas que promuevan y estimulen conductas ecológicas, sociales y económicas responsables<br/><br/>Bibliografía
650 ## - PUNTO DE ACCESO ADICIONAL DE MATERIA--TÉRMINO DE MATERIA
Término de materia o nombre geográfico como elemento inicial AUTONOMIA MUNICIPAL
650 ## - PUNTO DE ACCESO ADICIONAL DE MATERIA--TÉRMINO DE MATERIA
Término de materia o nombre geográfico como elemento inicial AUTORIDAD FINANCIERA MUNICIPAL
650 ## - PUNTO DE ACCESO ADICIONAL DE MATERIA--TÉRMINO DE MATERIA
Término de materia o nombre geográfico como elemento inicial ORIGEN Y NOCIÓN GENERAL DEL CATASTRO
700 ## - PUNTO DE ACCESO ADICIONAL--NOMBRE DE PERSONA
Nombre de persona Cesar Montaño Galarza / Juan Carlos Mogrovejo Jaramillo
942 ## - ELEMENTOS DE PUNTO DE ACCESO ADICIONAL (KOHA)
Fuente del sistema de clasificación o colocación Clasificación Decimal Dewey
Tipo de ítem Koha Libros
999 ## - NÚMEROS DE CONTROL DE SISTEMA (KOHA)
Koha biblionumber 14256
Holdings
Estado de pérdida Fuente del sistema de clasificación o colocación Estado dañado No para préstamo Localización permanente Ubicación/localización actual Ubicación en estantería Fecha de adquisición Fuente de adquisición Número de inventario Total de préstamos Signatura topográfica completa Código de barras Fecha visto por última vez Precio válido a partir de Tipo de ítem Koha Centro de costos
  Clasificación Decimal Dewey     Biblioteca Campus Norte Biblioteca Campus Norte Facultad de Ciencias Políticas y Administrativas - Generalidades 05/12/2025 Transitoria segunda Resolución N°0311-CU-UNACH-SE-ORD-16-09-24 39932789   343.04 MON L018430 L018430 05/12/2025 05/12/2025 Libros  

Powered by Koha